00840nam a2200241 a 450000500170000000800410001702000150005804000250007304100080009804400070010608200160011310000370012924501090016626000520027530000440032765000330037165000290040465000340043365000400046765000310050766200210053870000390055920160107050544.0140219b1997 ck d fr|||| 00| 0 spa d a958601715X aCO-BoIAVHcCO-BoIAVH0 aspa ack04a507.2bG56m1 aGómez B., HernandoeCompilador1 a37 modos de hacer ciencia en América Latina /ccompiladores Hernando Gómez B., Hernán Jaramillo S. aBogotá :bTercer Mundo :bCOLCIENCIAS,c1997. a405 páginas :bCuadros ;c23 x 16 cm. 6aInvestigación científica 4aCienciazLatinoamérica 6aInstitutos de Investigación 6aPolítica científica y educativa 6aCentros de investigación cAmérica Latina1 aJaramillo S., HernáneCompilador